00679nam a22001457a 4500020001800000082001100018100001500029245006400044260004300108300000900151942001200160999001900172952017100191952017100362 a9787119114729 a299.51 aYE XIAOWEN aPluralism and harmony in the religions of ChinacYE XIAOWEN aBeijingbForeign Languages Pressc2018 a290p 2ddccBK c586553d586553 00102ddc3Donated by Chinese embassy in Pakistan406299_510000000000000_XIA709574334aCLbCLcCHISTd2021-10-15o299.51 XIApCL-D-1249r2021-10-15w2021-10-15yBK 00102ddc3Donated by Chinese embassy in Pakistan406299_510000000000000_XIA709574335aCLbCLcCHISTd2021-10-15o299.51 XIApCL-D-1250r2021-10-15w2021-10-15yBK